| 000 | 00729nam a2200205 a 4500 | ||
|---|---|---|---|
| 001 | 5886 | ||
| 003 | CDMR | ||
| 005 | 20131212134437.0 | ||
| 008 | 130220s1999||||||||||||||||||||||||||||d | ||
| 020 | _a8445116657 | ||
| 040 |
_aCDMR _bcat _cCDMR |
||
| 100 | 1 |
_aFagoaga, Concha _92254 |
|
| 245 | 1 | 3 |
_aLa violencia en medios de comunicación _b: maltrato en la pareja y agresión sexuada _cinvestigación a cargo de: Concha Fagoaga |
| 260 |
_aMadrid _bComunidad de Madrid. Dirección General de la Mujer _c1999 |
||
| 300 |
_a78 p ; _c15 cm |
||
| 490 | 0 |
_aPublicaciones DGM _v15 |
|
| 650 | 0 | 4 |
_92772 _aViolència en els mitjans de comunicació de massa |
| 650 | 0 | 4 |
_94117 _aMitjans de comunicació de massa _vEstadístiques |
| 942 |
_cMON _2udc |
||
| 999 |
_c5886 _d5886 |
||